000 00669nam a22001937a 4500
999 _c193030
_d193030
005 20221014110457.0
010 _aUR-11755
020 _a9789392496059
_c111.00
035 _aU-10310
037 _bDBAD/PUB
_a-
082 _a844
100 _aسید علیم اللّہ حسینی
245 _aنقد و نظر /
_cسید علیم اللّہ حسینی
_hا ر د و
246 _aNaqd-O-Nazar (Literary Essays) /
_bby Syed Aleemullah Hussaini
260 _aNew Delhi
_bEducational Publishing House
_c2022 ء
270 _aH.O. D1/16, Ansari Road, Darya ganj
_bNew Delhi
_e110002
300 _a168 ص
_c23cm(Hb)
942 _2ddc
_cUR
_h844
_mس ی د